Basic Words - B - Statistics

General Stats
  • This quiz has been taken 54 times
  • The average score is 9 of 10
Answer Stats
Hint Answer % Correct
Spherical object commonly used in sports Ball
100%
Monkey's favourite food Banana
98%
Insects that work together to produce honey Bee
98%
Takes children to school Bus
98%
Big mammal that loves honey and fruits Bear
96%
Most common use of helium Balloon
94%
Animal typically known to fly Bird
90%
Mammal that can fly Bat
88%
Very young stage in animal life Baby
81%
Can be motorised or ridden in mountains Bike
73%
No matching quizzes found
Score Distribution
Percent of People with Each Score
Percentile by Number Answered
Your Score History
You have not taken this quiz